Регионална библиотека "Любен Каравелов" - Русе

Песента на колелетата (Запис номер 391852)

MARC детайли
000 -Лидер
Контролно поле с фиксирана дължина 01377nam a2200313 a 4500
003 - Код на организацията, давaща контролен номер
Контролно поле BLK
005 - Дата и час на последна редакция
Контролно поле 20250417174443.0
008 - Елементи от данни с фиксирана дължина
fixed length control field 201130b bu |||||r|||| 00| | bu d
020 ## - Международен стандартен номер на книга ISBN
Международен стандартен номер на книга ISBN 9789540914138
040 ## - Източник на каталожния запис
Идентификатор на билиотеката - собственик на записа BLK
041 ## - Код за език
Код за езика на текст/звукозапис или на отделно заглавие Български
Код за езика КДБФ Български
080 ## - УДК
Текстов определител УДК Българска литература
УДК код - определител по УДК 821.163.2
УДК определител -32
УДК - код + определител 821.163.2-32
100 ## - Редна дума - Автор
Автор Йовков, Йордан Стефанов
Дати, свързани с автора 1880-1937
Автор - информация (биография) Писател класик - белетрист, драматург, майстор на късия разказ
R(LIN) 363298
139 ## - Редно поле
Редна дума Йовков, Йордан Стефанов
Авторски знак Иовк - И 77
245 ## - Сведения за заглавието
Заглавие Песента на колелетата
Редно поле (дума) Йордан Йовков ; състав. и послесл. Панко Анчев
257 ## - Страна на издаване
Страна на създаване/издаване България
260 ## - Област на издателските данни
9 (RLIN) 209473
Място на издаване, разпространение и проч. София
Име на издателя, разпространителя и проч. Захарий Стоянов
Година на издаване 2020
Печатница София : Лито Балкан
Издателство - префикс ISBN 978-954-739- ; 978-954-09- ; 954-9559-
300 ## - Физическа характеристика
Страници 391 с.
Размери/Мащаб 24 см
380 ## - Жанр
Жанр Худож. лит.
500 ## - Общи забележки
Забележка Йовковата цивилизация / Панко Анчев: с. 383-388
700 ## - Други автори (авторска отговорност)
9 (RLIN) 1505
Лично име Анчев, Панко Кирилов
Автороска отговорност (Описва отношението между автора и произведението) състав. и послесл.
852 ## - Местоположение
Форматна сигнатура Цб 305814
Фондова буква Хранилище
852 ## - Местоположение
Фондова буква Заемна - подръчен фонд
Систематично-азбучна сигнатура 821.163.2-32/И 77 И
856 ## - Електронен адрес и достъп
Инструкция (цена за достъп) 0.00
Права за достъп disable
999 ## - СИСТЕМНИ КОНТРОЛНИ НОМЕРА
Koha biblionumber 391852
Koha biblioitemnumber 391852
942 ## - АРТИКУЛИ
Вид на библиотечния материал Книги
Скрит в OPAC Не
Периодичен библиозапис Да
Koha issues (borrowed), all copies 14
944 ## - СЪЗДАВАНЕ И РЕДАКЦИЯ на ЗАПИСА
Създаване/Редакция Създаване
Служител, извършил регистрацията/редакцията 30576
Статус, дата на статуса Цветомила Тодорова
944 ## - СЪЗДАВАНЕ И РЕДАКЦИЯ на ЗАПИСА
Създаване/Редакция Редакция
Служител, извършил регистрацията/редакцията ГГГ
999 ## - СИСТЕМНИ КОНТРОЛНИ НОМЕРА
Koha biblioitemnumber 391852
Наличности
Код за отписване Код за изгубен артикул Източник на класификационната схема Код за повреда Коз за рестрикции Код за отдаване Артикулен № Име на библиотеката - собственик Име на библиотеката, в която се намира в момента Статус (Текущо местоположение) Дата на вписване в системата Местоположение - отдел Цена в лева Систематично азбучна сигнатура Баркод Цена в евро Служебен тип на артикула
  Не е изгубен Universal Decimal Classification Не е повреден само за читалня ползва се в читалня 813260 Регионална библиотека "Любен Каравелов" Русе Регионална библиотека "Любен Каравелов" Русе Хранилище 2021-02-24 Хранилище 25.00 Цб 305814 120000850892 12.78 Книги
  Не е изгубен Universal Decimal Classification Не е повреден без рестрикции заемане за дома 846397 Регионална библиотека "Любен Каравелов" Русе Регионална библиотека "Любен Каравелов" Русе Заемна - подръчен фонд 2021-08-03 Заемна - подръчен фонд 50.00 821.163.2-32/И 77 И 120000859350 25.56 Книги
  Не е изгубен Universal Decimal Classification Не е повреден без рестрикции заемане за дома 923416 Регионална библиотека "Любен Каравелов" Русе Регионална библиотека "Любен Каравелов" Русе Дубликат 2023-02-27 Заемна - подръчен фонд 48.00 821.163.2-32/Й 77 Й 120000882871 24.54 Книги
  Не е изгубен Universal Decimal Classification Не е повреден без рестрикции заемане за дома 923417 Регионална библиотека "Любен Каравелов" Русе Регионална библиотека "Любен Каравелов" Русе Заемна - подръчен фонд 2023-02-27 Заемна - подръчен фонд 48.00 821.163.2-32/Й 77 Й 120000882870 24.54 Книги
  Не е изгубен Universal Decimal Classification Не е повреден без рестрикции заемане за дома 923418 Регионална библиотека "Любен Каравелов" Русе Регионална библиотека "Любен Каравелов" Русе Заемна - подръчен фонд 2023-02-27 Заемна - подръчен фонд 48.00 821.163.2-32/Й 77 Й 120000882872 24.54 Книги
Vip Innovations Ltd, Rousse, Bulgaria 2025